European journal of management

Detalles Bibliográficos
Autor Corporativo: International Academy of Business and Economics
Formato: Revista
Lenguaje:inglés
Publicado: [S.l.]: International Academy of Business and Economics, 2009-
Materias:
Acceso en línea:Acceso restringido

MARC

LEADER 00000nas a2200000 a 4500
005 20110926102325.0
007 cr |||||||||||
008 110824c20099999xx |r p|| ||| 0 ||eng|c
022 |y 1555-4015  
035 |a 5421 
040 |a vLex 
090 |c 2568  |d 2568 
245 0 0 |a European journal of management  |h [Recurso electrn̤ico] 
246 3 |a EJM 
256 |a Servicio en ln̕ea. 
260 |a [S.l.]:  |b International Academy of Business and Economics,  |c 2009- 
300 |a 1 recurso electrn̤ico 
310 |a Trimestral 
362 0 |a Vol. 9 No. 2, (Jun. 2009)-  
500 |a Descripcin̤ realizada a partir de: Vol. 11 No. 2, (Jun. 2011) 
506 1 |a Contenido solo disponible en los productos indicados  |d vLex Global  |d vLex Global (Academic Edition, excluding Law Schools)  |d vLex Global (Academic Edition, Law Schools) 
650 0 4 |a Administracin̤  |x Revistas 
650 0 4 |a Empresas  |x Direccin̤ y administracin̤  |z Europa  |x Revistas 
650 0 4 |a Administracin̤  |z Europa  |x Revistas 
710 2 |a International Academy of Business and Economics 
740 0 |a vLex Revistas (Servicio en ln̕ea) 
856 4 0 |z Acceso restringido  |u http://vlex.com/source/european-journal-management-5421 
942 |c REV